<?xml version="1.0" encoding="UTF-8"?>
<record
    xmlns:xsi="http://www.w3.org/2001/XMLSchema-instance"
    xsi:schemaLocation="http://www.loc.gov/MARC21/slim http://www.loc.gov/standards/marcxml/schema/MARC21slim.xsd"
    xmlns="http://www.loc.gov/MARC21/slim">

  <leader>01002nam a22002535a 4500</leader>
  <controlfield tag="005">20081017051548.0</controlfield>
  <controlfield tag="008">081017s2008    ii     |      00| 0 eng  </controlfield>
  <datafield tag="010" ind1=" " ind2=" ">
    <subfield code="a">ENG-91554</subfield>
  </datafield>
  <datafield tag="020" ind1=" " ind2=" ">
    <subfield code="a">9780195699463</subfield>
    <subfield code="c">1595.00</subfield>
  </datafield>
  <datafield tag="020" ind1=" " ind2=" ">
    <subfield code="a">0195699467</subfield>
    <subfield code="c">1595.00</subfield>
  </datafield>
  <datafield tag="035" ind1=" " ind2=" ">
    <subfield code="a">EN-75087</subfield>
  </datafield>
  <datafield tag="037" ind1=" " ind2=" ">
    <subfield code="b">DBAD / PUB</subfield>
  </datafield>
  <datafield tag="040" ind1=" " ind2=" ">
    <subfield code="a">dpl</subfield>
    <subfield code="b">English </subfield>
  </datafield>
  <datafield tag="082" ind1=" " ind2=" ">
    <subfield code="a">599.7560954</subfield>
  </datafield>
  <datafield tag="100" ind1=" " ind2=" ">
    <subfield code="a">Thapar, Valmik </subfield>
  </datafield>
  <datafield tag="245" ind1=" " ind2=" ">
    <subfield code="a">Ranthambhore:</subfield>
    <subfield code="c">by Valmik Thapar </subfield>
    <subfield code="b">10 days in the tiger fortress /</subfield>
  </datafield>
  <datafield tag="260" ind1=" " ind2=" ">
    <subfield code="a">New Delhi </subfield>
    <subfield code="b">Oxford University Press</subfield>
    <subfield code="c">2008</subfield>
  </datafield>
  <datafield tag="300" ind1=" " ind2=" ">
    <subfield code="a">xv, 149 p.:</subfield>
    <subfield code="c">24cm (pbk) </subfield>
    <subfield code="b">col. photos </subfield>
  </datafield>
  <datafield tag="650" ind1=" " ind2=" ">
    <subfield code="a">Tigers </subfield>
    <subfield code="z">India</subfield>
    <subfield code="z">Ranthambhor National Park</subfield>
  </datafield>
  <datafield tag="650" ind1=" " ind2=" ">
    <subfield code="a">Tigers </subfield>
    <subfield code="z">India</subfield>
    <subfield code="z">Ranthambhor National Park</subfield>
    <subfield code="v">Pictorial work</subfield>
  </datafield>
  <datafield tag="651" ind1=" " ind2=" ">
    <subfield code="a">Ranthambhor National Park (India)</subfield>
  </datafield>
  <datafield tag="942" ind1=" " ind2=" ">
    <subfield code="2">ddc</subfield>
    <subfield code="c">EN</subfield>
    <subfield code="m">THA</subfield>
    <subfield code="h">599.7560954</subfield>
  </datafield>
  <datafield tag="999" ind1=" " ind2=" ">
    <subfield code="c">18155</subfield>
    <subfield code="d">18155</subfield>
  </datafield>
  <datafield tag="952" ind1=" " ind2=" ">
    <subfield code="0">0</subfield>
    <subfield code="1">0</subfield>
    <subfield code="2">ddc</subfield>
    <subfield code="4">0</subfield>
    <subfield code="7">1</subfield>
    <subfield code="8">NFIC</subfield>
    <subfield code="a">DBAD</subfield>
    <subfield code="b">DBAD</subfield>
    <subfield code="d">2008-11-07</subfield>
    <subfield code="e">DBAD / PUB</subfield>
    <subfield code="g">1595.00</subfield>
    <subfield code="l">0</subfield>
    <subfield code="o">599.7560954 THA</subfield>
    <subfield code="p">EN-75087</subfield>
    <subfield code="r">2008-11-07 00:00:00</subfield>
    <subfield code="t">1</subfield>
    <subfield code="v">1595.00</subfield>
    <subfield code="w">2008-11-07</subfield>
    <subfield code="y">EN</subfield>
  </datafield>
</record>
